[Event "IND-chT 33rd"]
[Site "Hyderabad"]
[Date "2013.02.21"]
[Round "1.4"]
[White "Akshat, Khamparia"]
[Black "Khan, S."]
[Result "1-0"]
[WhiteElo "2383"]
[BlackElo "1896"]
[PlyCount "79"]
[EventDate "2013.02.20"]
[EventType "team-swiss"]
[EventRounds "9"]
[EventCountry "IND"]
[SourceTitle "CBM 153 Extra"]
[Source "ChessBase"]
[SourceDate "2013.04.22"]
[SourceVersion "1"]
[SourceVersionDate "2013.04.22"]
[SourceQuality "1"]
[WhiteTeam "Indian Railways II"]
[BlackTeam "Raghav's Foundation"]
[WhiteTeamCountry "IND"]
[BlackTeamCountry "IND"]

1. d4 Nf6 2. Bg5 e6 3. e4 h6 4. Bxf6 Qxf6 5. c3 b6 6. Bd3 Bb7 7. Ne2 c5 8. 0-0 Nc6 9. e5 Qh4 10. g3 Qd8 11. f4 cxd4 12. cxd4 Nb4 13. Nbc3 Nxd3 14. Qxd3 Qc8 15. Rfc1 Qc6 16. d5 Qc5+ 17. Kf1 a6 18. b4 Qxb4 19. Rab1 Qa5 20. d6 g5 21. Qd4 gxf4 22. Qxb6 Qxb6 23. Rxb6 Bc6 24. gxf4 h5 25. Nd4 Bh6 26. Nxc6 dxc6 27. Ne2 0-0 28. Rcxc6 f6 29. Ke1 fxe5 30. fxe5 Be3 31. Rb3 Bf2+ 32. Kd2 a5 33. d7 Rad8 34. Rd3 Rf5 35. Rc8 Bh4 36. Nd4 Bg5+ 37. Kd1 Rf1+ 38. Ke2 Rdf8 39. Rxf8+ Rxf8 40. Nxe6 1-0